Spôsob ohýbania prírodných dýh metódou postformingu

Bibliographic Details
Other Authors: Láska, Emil (Originator, Patent holder)
Format: Book
Language:Slovak
PhysicalDescription:4 s. 30 cm
Published: [Banská Bystrica] Úrad priemyselného vlastníctva SR [2011]
Subjects:

MARC

LEADER 00000cam a2200000 a 4500
001 vtls010293464
003 SK-MaSNL
005 20260331205605.0
008 251120s2011 xo j f000 0 slo
013 |a 287712  |b SK  |c patent  |d 20110706  |e dátum nadobudnutia účinkov patentu (Vestník ÚPV SR č.: 7/2011)  |d 20110617  |e dátum sprístupnenia patentu 
013 |a 59-2007  |e číslo prihlášky  |d 20070423  |e dátum podania prihlášky  |d 20081106  |e dátum zverejnenia prihlášky (Vestník ÚPV SR č.: 11/2008) 
015 |a SNBN2013 
040 |a SNK  |b slo  |c SNK  |e AACR2 
041 0 |a slo 
044 |a xo  |c SK 
072 7 |a 674  |x Drevo. Drevársky priemysel  |2 konspekt 
080 |a 674.02  |2 2001 
080 |a 684.4  |2 2001 
084 |a B27N 7/00  |2 IPC 
084 |a B29C 63/00  |2 IPC 
100 1 |a Láska, Emil  |4 org  |4 pth  |9 600654 
245 1 0 |a Spôsob ohýbania prírodných dýh metódou postformingu  |c Emil Láska ; patent. zást. Kamila Rzymanová 
260 |a [Banská Bystrica]  |b Úrad priemyselného vlastníctva SR  |c [2011] 
300 |a 4 s.  |c 30 cm 
650 0 7 |a drevársky priemysel  |2 SNKPH  |9 1117 
650 0 7 |a nábytok  |2 SNKPH  |9 3744 
650 0 7 |a výroba nábytku  |2 SNKPH  |9 51318 
650 0 7 |a Timber industry  |2 SNKPHeng  |9 267055 
650 0 7 |a Furniture  |2 SNKPHeng  |9 300443 
650 0 7 |a Furniture production  |2 SNKPHeng  |9 274683 
655 7 |a patenty  |2 SNKPH  |9 177343 
655 7 |a patent licenses  |2 SNKPHeng  |9 303430 
700 1 |a Rzymanová, Kamila  |4 oth  |9 321043 
852 |a Štátna vedecká knižnica v Banskej Bystrici 
999 |c 922003  |d 923933 
952 |a SNK  |b SNK  |y PREZ  |7 0  |p 17A1067576  |o snkSK 287712  |i snk2013/8921  |8 0  |0 0  |1 0  |4 0  |d 2013-04-19  |l 0  |r 2026-02-24 08:19:27  |w 2026-02-24